Larvae and evolution : toward a new zoology

Αποθηκεύτηκε σε:
Λεπτομέρειες βιβλιογραφικής εγγραφής
Κύριος συγγραφέας: Williamson, Donald Irving
Μορφή: Βιβλίο
Γλώσσα:English
Δημοσίευση: New York : Chapman & Hall, c1992
Θέματα:
Ετικέτες: Προσθήκη ετικέτας
Δεν υπάρχουν, Καταχωρήστε ετικέτα πρώτοι!

MARC

LEADER 00000nam a2200000 i 4500
001 1/103814
008 000301s1992 eng d
020 |a 0-412-03081-0 
035 |l 10058614 
040 |a GR-MY-UA  |b gre  |e aacr 
041 0 |a eng 
082 0 |a 592.038 
100 1 |a Williamson, Donald Irving. 
245 1 0 |a Larvae and evolution :  |b toward a new zoology /  |c Donald I. Williamson 
260 |a New York :   |b Chapman & Hall,   |c c1992 
300 |a 223 p.  |b fig. 
504 |a Includes bibliographical references and index 
650 0 0 |a Invertebrates  |x Evolution. 
650 0 0 |a Invertebrates  |x Larvae. 
650 0 0 |a Evolution (Biology) 
650 0 0 |a Larvae. 
852 |a INST  |b LESVOS  |e 20000301  |h 592.038 WIL  |p 005100023881  |q 005100023881  |t BK  |y 0 
901 |a BIBL1-2000-1 
909 |a Λ  |b 074154 
922 |a 1ΕΛΗ  |b 200001  |c ΚΠΣ/ΤΠ  |d GLORY 
950 |a 107-1999-12-23 
970 |a ΤΖΑΦΕΡΗ  |b ΕΥΑΓΓΕΛΙΑ  |z 2000/03/03